000 00479nam a22001692 4500
001 0000024664
005 20151217161645.0
008 140123s xx 000 0 eng d
040 _aKABU
_cKABU
100 1 _aWasonga, Obat Joseph.
_@0000185046
245 1 4 _aThe Case for compulsory voting in Kenya :
_ba legal inquiry /
_cObat Joseph Wasonga.
260 _c2013.
300 _ax, 55 leaves.
908 _a140123
950 _@1
999 _c15506
_d15506